[Event "2 Bundesliga Mitte 2006/2007"]
[Site "Wolfsberg"]
[Date "2006.11.25"]
[Round "3"]
[Board "2"]
[White "Bukal, Vladimir Jun"]
[Black "Horvath, Gyula"]
[Result "1-0"]
[WhiteElo "2407"]
[BlackElo "2431"]
[PlyCount "97"]
[EventDate "2006.10.28"]
[EventType "team"]
[EventRounds "11"]
[EventCountry "AUT"]
[WhiteTeam "SG Alpine Raika Trofaiach Niklasdorf"]
[BlackTeam "Strassenbahn Graz"]

1.d4 Nf6 2.c4 e6 3.Nc3 Bb4 4.Nf3 c5 5.g3 Nc6 6.Bg2 Ne4 7.Bd2 Bxc3 8.bxc3 O-O
9.O-O d6 10.Be3 Qe7 11.Qd3 f5 12.Rad1 Nf6 13.dxc5 dxc5 14.Qd6 Qxd6 15.Rxd6 Ne4
16.Rd3 Na5 17.Ng5 Nxc4 18.Nxe4 fxe4 19.Bxe4 Nxe3 20.fxe3 Re8 21.Rd6 Rb8 22.g4 g5
23.h3 Kg7 24.Kh2 h6 25.Kg3 b5 26.Bc6 Rh8 27.e4 b4 28.cxb4 Rxb4 29.e5 c4 30.Be4
c3 31.Bc2 Rc4 32.Rf6 Rc5 33.Rd3 Rxe5 34.Rdf3 Rf5 35.R6xf5 exf5 36.gxf5 Re8
37.Rxc3 Kf6 38.Rc6+ Ke5 39.Bd3 h5 40.Rc7 a6 41.Rg7 g4 42.hxg4 hxg4 43.Kxg4 Rh8
44.Kg5 Rh1 45.Re7+ Kd6 46.Re8 Bd7 47.Ra8 Ke5 48.Rxa6 Rg1+ 49.Kh6

[Event "2 Bundesliga Mitte 2006/2007"]
[Site "Wolfsberg"]
[Date "2006.11.25"]
[Round "3"]
[Board "3"]
[White "Butunoi, Alexandru"]
[Black "Bukal, Vladimir"]
[Result "0-1"]
[WhiteElo "2404"]
[BlackElo "2414"]
[PlyCount "86"]
[EventDate "2006.10.28"]
[EventType "team"]
[EventRounds "11"]
[EventCountry "AUT"]
[WhiteTeam "Strassenbahn Graz"]
[BlackTeam "SG Alpine Raika Trofaiach Niklasdorf"]

1.e4 e6 2.d4 d5 3.Nd2 Nf6 4.e5 Nfd7 5.Bd3 c5 6.c3 Nc6 7.Ne2 a5 8.O-O Qb6 9.Nf3
a4 10.Bc2 a3 11.bxa3 cxd4 12.cxd4 Bxa3 13.Bxa3 Rxa3 14.Bb3 O-O 15.Qc1 Ra8 16.Qe3
Qd8 17.Nc3 Nb6 18.Nb5 Na5 19.Nd2 Bd7 20.Nd6 Nc8 21.Nxc8 Rxc8 22.Rfc1 Bb5 23.Rc3
Rxc3 24.Qxc3 Qb6 25.Rb1 Qa6 26.h3 Bd3 27.Rc1 h6 28.Qc5 Ra8 29.Rc3 Nc6 30.Bd1 Bg6
31.Bb3 Qa7 32.Nf3 Be4 33.Nd2 Qxc5 34.dxc5 Nxe5 35.Nxe4 dxe4 36.Re3 Ra5 37.Rxe4
Rxc5 38.Rd4 g5 39.Rd8+ Kg7 40.Rb8 Rc7 41.a4 Nc6 42.Ra8 Nd4 43.Ba2 Rc2

[Event "2 Bundesliga Mitte 2006/2007"]
[Site "Wolfsberg"]
[Date "2006.11.25"]
[Round "3"]
[Board "4"]
[White "Stuhlik, Marko"]
[Black "Krebs, Johann"]
[Result "0-1"]
[WhiteElo "2229"]
[BlackElo "2276"]
[PlyCount "84"]
[EventDate "2006.10.28"]
[EventType "team"]
[EventRounds "11"]
[EventCountry "AUT"]
[WhiteTeam "SG Alpine Raika Trofaiach Niklasdorf"]
[BlackTeam "Strassenbahn Graz"]

1.g3 g6 2.Bg2 Bg7 3.e4 c5 4.Ne2 Nc6 5.d3 e6 6.c3 Nge7 7.Bg5 Rb8 8.Qd2 O-O 9.d4
d6 10.Na3 b5 11.Nc2 b4 12.cxb4 Nxb4 13.Nxb4 Rxb4 14.a3 Rb8 15.Rb1 Qc7 16.O-O Ba6
17.Rfc1 Bxe2 18.Qxe2 Bxd4 19.b4 Rb6 20.Rb3 Rfb8 21.Rf3 Nc6 22.Rd3 Rb5 23.Bf4 Be5
24.Be3 Qe7 25.f4 Nd4 26.Qd2 Bg7 27.e5 dxe5 28.fxe5 Bxe5 29.bxc5 Rb2 30.Rxd4 Rxd2
31.Rxd2 Rb3 32.Bf2 Rb2 33.Rxb2 Bxb2 34.Rc2 Bxa3 35.c6 Bd6 36.Ra2 Bc5 37.Rc2
Bxf2+ 38.Kxf2 Qc7 39.Rb2 Kg7 40.h3 Qe5 41.Rb7 Qc5+ 42.Kf1 a5

[Event "2 Bundesliga Mitte 2006/2007"]
[Site "Wolfsberg"]
[Date "2006.11.25"]
[Round "3"]
[Board "5"]
[White "Pesorda, Ivan"]
[Black "Mitter, Gerd"]
[Result "1-0"]
[WhiteElo "2250"]
[BlackElo "2194"]
[PlyCount "125"]
[EventDate "2006.10.28"]
[EventType "team"]
[EventRounds "11"]
[EventCountry "AUT"]
[WhiteTeam "Strassenbahn Graz"]
[BlackTeam "SG Alpine Raika Trofaiach Niklasdorf"]

1.d4 Nf6 2.c4 e6 3.Nc3 d5 4.Bg5 Be7 5.e3 Nbd7 6.Rc1 c6 7.Nf3 O-O 8.Bd3 dxc4
9.Bxc4 Nd5 10.Bxe7 Qxe7 11.O-O Nxc3 12.Rxc3 e5 13.Nxe5 Nxe5 14.dxe5 Qxe5 15.f4
Qf6 16.f5 b5 17.Bb3 Rd8 18.Rd3 Bb7 19.Rd7 Kf8 20.Rxf7+ Qxf7 21.Bxf7 Rxd1 22.Rxd1
Kxf7 23.Rd7+ Kf6 24.Rxb7 Re8 25.Kf2 Re5 26.Rxa7 Rxf5+ 27.Ke2 Rc5 28.Rd7 h5
29.Rd3 Rg5 30.Kf3 Rf5+ 31.Ke2 Rg5 32.g3 Ke6 33.e4 h4 34.Kf3 hxg3 35.hxg3 Rh5
36.b4 Rh2 37.Rc3 Kd6 38.a3 Ra2 39.Kf4 Rf2+ 40.Rf3 Re2 41.Rd3+ Ke6 42.Rc3 Kd6
43.e5+ Kd7 44.Kf5 Rf2+ 45.Kg6 Re2 46.Kxg7 Rxe5 47.Kf6 Re6+ 48.Kf5 Re1 49.Kf4
Rf1+ 50.Rf3 Rc1 51.Re3 c5 52.bxc5 Rxc5 53.g4 Rc4+ 54.Kf5 b4 55.axb4 Rxb4 56.g5
Rb1 57.Kf6 Rf1+ 58.Kg7 Rh1 59.g6 Rh2 60.Kf7 Rf2+ 61.Kg8 Rh2 62.g7 Rh1 63.Re4

[Event "2 Bundesliga Mitte 2006/2007"]
[Site "Wolfsberg"]
[Date "2006.11.25"]
[Round "3"]
[Board "6"]
[White "Spirk, Stefan"]
[Black "Steiner, Stefan"]
[Result "0-1"]
[WhiteElo "2125"]
[BlackElo "2229"]
[PlyCount "72"]
[EventDate "2006.10.28"]
[EventType "team"]
[EventRounds "11"]
[EventCountry "AUT"]
[WhiteTeam "SG Alpine Raika Trofaiach Niklasdorf"]
[BlackTeam "Strassenbahn Graz"]

1.c4 b6 2.Nf3 c5 3.g3 Bb7 4.Bg2 Nf6 5.Nc3 e6 6.O-O Be7 7.d4 cxd4 8.Qxd4 d6 9.Rd1
a6 10.Ng5 Bxg2 11.Kxg2 O-O 12.Nge4 Ne8 13.b3 Nd7 14.Bb2 Qc7 15.Rac1 Qb7 16.Kg1
Rc8 17.Ba3 Nc5 18.b4 Nd7 19.b5 Nc5 20.Nxc5 dxc5 21.Qd3 Rd8 22.Qc2 Nd6 23.Qb3 a5
24.Bb2 Bf6 25.Rd3 Nf5 26.Rxd8 Rxd8 27.e3 Rd2 28.Rd1 Qd7 29.Rxd2 Qxd2 30.Na4 Bxb2
31.Nxb2 Nd6 32.Kg2 Qe2 33.Nd3 Ne4 34.h4 Nd2 35.Qc2 Qf1+ 36.Kh2 Nf3#

[Event "2 Bundesliga Mitte 2006/2007"]
[Site "Wolfsberg"]
[Date "2006.11.25"]
[Round "3"]
[Board "2"]
[White "Rogic, Davor"]
[Black "Stohl, Igor"]
[Result "1/2-1/2"]
[WhiteElo "2494"]
[BlackElo "2558"]
[PlyCount "25"]
[EventDate "2006.10.28"]
[EventType "team"]
[EventRounds "11"]
[EventCountry "AUT"]
[WhiteTeam "ASVOe Raika StVeit/Glan"]
[BlackTeam "Union Styria Kleine Zeitung Graz 2"]

1.e4 e5 2.Nf3 Nc6 3.Bb5 a6 4.Ba4 Nf6 5.O-O Be7 6.Re1 b5 7.Bb3 O-O 8.c3 d6 9.h3
Re8 10.d4 Bb7 11.Ng5 Rf8 12.Nf3 Re8 13.Ng5

[Event "2 Bundesliga Mitte 2006/2007"]
[Site "Wolfsberg"]
[Date "2006.11.25"]
[Round "3"]
[Board "3"]
[White "Danner, Georg"]
[Black "Jurkovic, Hryoje"]
[Result "1/2-1/2"]
[WhiteElo "2411"]
[BlackElo "2438"]
[PlyCount "35"]
[EventDate "2006.10.28"]
[EventType "team"]
[EventRounds "11"]
[EventCountry "AUT"]
[WhiteTeam "Union Styria Kleine Zeitung Graz 2"]
[BlackTeam "ASVOe Raika StVeit/Glan"]

1.d4 d5 2.c4 Nc6 3.Nf3 Bg4 4.cxd5 Bxf3 5.gxf3 Qxd5 6.e3 e5 7.Nc3 Bb4 8.Bd2 Bxc3
9.bxc3 Qd6 10.Be2 Nge7 11.O-O O-O 12.Kh1 Rad8 13.Rg1 Kh8 14.Qb3 b6 15.Bc1 Qf6
16.Ba3 Rfe8 17.Rad1 Ng6 18.d5

[Event "2 Bundesliga Mitte 2006/2007"]
[Site "Wolfsberg"]
[Date "2006.11.25"]
[Round "3"]
[Board "4"]
[White "Smole, Albert"]
[Black "Wagner, Stephan"]
[Result "0-1"]
[WhiteElo "2136"]
[BlackElo "2231"]
[PlyCount "80"]
[EventDate "2006.10.28"]
[EventType "team"]
[EventRounds "11"]
[EventCountry "AUT"]
[WhiteTeam "ASVOe Raika StVeit/Glan"]
[BlackTeam "Union Styria Kleine Zeitung Graz 2"]

1.Nf3 Nf6 2.g3 b6 3.Bg2 Bb7 4.O-O e6 5.d3 d5 6.Nbd2 Nbd7 7.e4 dxe4 8.Ng5 Be7
9.Ngxe4 Qc8 10.Qe2 O-O 11.b3 Nxe4 12.Nxe4 Nc5 13.Bb2 Nxe4 14.Bxe4 Rd8 15.h4 Bxe4
16.Qxe4 Qd7 17.Qa4 Bf8 18.h5 h6 19.Rfe1 Qc6 20.Re2 Rd5 21.Qe4 Rad8 22.c4 R5d6
23.Qxc6 Rxc6 24.d4 Rcd6 25.Rc1 R6d7 26.Kg2 Be7 27.Rcc2 c6 28.a4 a6 29.Bc3 Bf6
30.a5 b5 31.d5 Bxc3 32.dxe6 Rd3 33.e7 Re8 34.cxb5 cxb5 35.Re4 b4 36.Rce2 Rd5
37.Rc4 Rxa5 38.Rc7 Re5 39.Rxe5 Bxe5 40.Rd7 f6

[Event "2 Bundesliga Mitte 2006/2007"]
[Site "Wolfsberg"]
[Date "2006.11.25"]
[Round "3"]
[Board "5"]
[White "Manhardt, Thomas"]
[Black "Kuess, Mario"]
[Result "1/2-1/2"]
[WhiteElo "2163"]
[BlackElo "2138"]
[PlyCount "91"]
[EventDate "2006.10.28"]
[EventType "team"]
[EventRounds "11"]
[EventCountry "AUT"]
[WhiteTeam "Union Styria Kleine Zeitung Graz 2"]
[BlackTeam "ASVOe Raika StVeit/Glan"]

1.e4 d5 2.exd5 Nf6 3.Nc3 Nxd5 4.Bc4 c6 5.Qf3 e6 6.Nge2 Nd7 7.d4 N7f6 8.O-O Be7
9.a4 b6 10.Nf4 O-O 11.Ncxd5 exd5 12.Bd3 Bg4 13.Qg3 Qd7 14.f3 Bf5 15.Bxf5 Qxf5
16.Nd3 Rfe8 17.Re1 Bf8 18.Bd2 c5 19.Bc3 c4 20.Re5 Rxe5 21.dxe5 Nh5 22.Qg4 Qxg4
23.fxg4 cxd3 24.gxh5 Bc5+ 25.Kf1 dxc2 26.Rc1 d4 27.b4 Be7 28.Bxd4 Rc8 29.Ke2
Bxb4 30.Kd3 Kf8 31.Rxc2 Rxc2 32.Kxc2 Ke7 33.Kb3 Ba5 34.Kc4 a6 35.Kd5 b5 36.axb5
axb5 37.Kc6 Ke6 38.Kxb5 Bc7 39.Kc6 Bxe5 40.Bxe5 Kxe5 41.Kd7 Kf6 42.Ke8 g6 43.h6
g5 44.Kf8 Kg6 45.g4 Kxh6 46.Kxf7

[Event "2 Bundesliga Mitte 2006/2007"]
[Site "Wolfsberg"]
[Date "2006.11.25"]
[Round "3"]
[Board "6"]
[White "Eichhorn, Alfred"]
[Black "Frank, Paul"]
[Result "0-1"]
[WhiteElo "2096"]
[BlackElo "2151"]
[PlyCount "80"]
[EventDate "2006.10.28"]
[EventType "team"]
[EventRounds "11"]
[EventCountry "AUT"]
[WhiteTeam "ASVOe Raika StVeit/Glan"]
[BlackTeam "Union Styria Kleine Zeitung Graz 2"]

1.d4 Nf6 2.c4 g6 3.Nc3 d5 4.cxd5 Nxd5 5.e4 Nxc3 6.bxc3 Bg7 7.Nf3 O-O 8.Be2 c5
9.Rb1 cxd4 10.cxd4 Qa5+ 11.Bd2 Qxa2 12.O-O a5 13.Qc1 Qe6 14.e5 Qc6 15.Qa3 Bf5
16.Rfc1 Qe4 17.Bc4 e6 18.Rb3 Rd8 19.Re1 Qc6 20.Rc1 a4 21.Rb5 Qd7 22.d5 exd5
23.Rxd5 Qe8 24.Ng5 Bf8 25.Rxd8 Qxd8 26.Bxf7+ Kg7 27.Qc3 Be7 28.h4 Nc6 29.e6+ Bf6
30.Qe3 Qd4 31.Qe1 Qxh4 32.Nf3 Qe4 33.Be3 a3 34.Nd2 Qd3 35.Nf3 a2 36.Ra1 Qc3
37.e7 Qxe1+ 38.Rxe1 Kxf7 39.Ng5+ Bxg5 40.Bc5 Bb1

[Event "2 Bundesliga Mitte 2006/2007"]
[Site "Wolfsberg"]
[Date "2006.11.25"]
[Round "3"]
[Board "2"]
[White "Kuba, Guenter"]
[Black "Vogt, Lothar"]
[Result "1-0"]
[WhiteElo "2391"]
[BlackElo "2479"]
[PlyCount "80"]
[EventDate "2006.10.28"]
[EventType "team"]
[EventRounds "11"]
[EventCountry "AUT"]
[WhiteTeam "Fuerstenfeld"]
[BlackTeam "Austria Graz"]

1.e4 c5 2.Nf3 Nc6 3.Bb5 d6 4.O-O Bd7 5.Re1 a6 6.Bf1 Bg4 7.c3 g6 8.d3 Bg7 9.Nbd2
e5 10.h3 Be6 11.Nc4 b5 12.Ne3 Nge7 13.Nc2 O-O 14.d4 cxd4 15.cxd4 d5 16.exd5 Qxd5
17.dxe5 Qxd1 18.Rxd1 Nxe5 19.Nfd4 Bc4 20.Bg5 N7c6 21.b3 Bxf1 22.Kxf1 Rac8
23.Rac1 Rfe8 24.Be3 Ne7 25.Nb4 a5 26.Na6 b4 27.Nc7 Red8 28.Ke2 Rd7 29.Ndb5 Nf5
30.Bb6 Bh6 31.Rb1 Re7 32.Kf1 Nc6 33.g4 Nh4 34.Rd6 Nf3 35.Rbd1 Nfe5 36.f4 Bxf4
37.Nd5 Rb7 38.Nxf4 Rxb6 39.Na7 Ra8 40.Nd5 Rxa7

[Event "2 Bundesliga Mitte 2006/2007"]
[Site "Wolfsberg"]
[Date "2006.11.25"]
[Round "3"]
[Board "3"]
[White "Kotz, Heinz Peter"]
[Black "Kilgus, Georg"]
[Result "1-0"]
[WhiteElo "2355"]
[BlackElo "2360"]
[PlyCount "73"]
[EventDate "2006.10.28"]
[EventType "team"]
[EventRounds "11"]
[EventCountry "AUT"]
[WhiteTeam "Austria Graz"]
[BlackTeam "Fuerstenfeld"]

1.e4 c5 2.Nf3 e6 3.d4 cxd4 4.Nxd4 a6 5.Nc3 Qc7 6.g3 Nf6 7.Bg2 Be7 8.O-O O-O
9.Re1 d6 10.f4 Nc6 11.Nxc6 bxc6 12.b3 e5 13.h3 g6 14.Qf3 exf4 15.gxf4 Bb7 16.Bb2
Nh5 17.Ne2 c5 18.Ng3 Bf6 19.Bxf6 Nxf6 20.c4 Rae8 21.Qc3 Re6 22.Re3 Rfe8 23.Rae1
h5 24.e5 Bxg2 25.exf6 Bb7 26.Rxe6 Rxe6 27.Rxe6 fxe6 28.Qe3 Kf7 29.f5 exf5 30.Qh6
Kxf6 31.Nxh5+ Ke5 32.Qxg6 Qe7 33.Qg3+ Kd4 34.Kf2 d5 35.Nf4 dxc4 36.bxc4 Be4
37.Ne2+

[Event "2 Bundesliga Mitte 2006/2007"]
[Site "Wolfsberg"]
[Date "2006.11.25"]
[Round "3"]
[Board "4"]
[White "Bekefi, Laszlo"]
[Black "Fahrner, Kurt"]
[Result "1-0"]
[WhiteElo "2307"]
[BlackElo "2346"]
[PlyCount "126"]
[EventDate "2006.10.28"]
[EventType "team"]
[EventRounds "11"]
[EventCountry "AUT"]
[WhiteTeam "Fuerstenfeld"]
[BlackTeam "Austria Graz"]

1.e4 Nf6 2.e5 Nd5 3.d4 d6 4.c4 Nb6 5.exd6 cxd6 6.Nc3 g6 7.Be3 Bg7 8.Rc1 O-O 9.b3
e5 10.dxe5 dxe5 11.Qxd8 Rxd8 12.c5 N6d7 13.Bc4 Nc6 14.Nf3 Nd4 15.Ng5 Rf8 16.Nd5
Nf5 17.O-O h6 18.Ne4 Kh7 19.b4 Nxe3 20.fxe3 f5 21.Nd6 Nf6 22.Ne7 Bd7 23.b5 Rfd8
24.Nd5 Rab8 25.Rfd1 Nxd5 26.Bxd5 Bc8 27.Bb3 Bf8 28.Rd5 e4 29.Nxe4 Rxd5 30.Nf6+
Kg7 31.Nxd5 Be6 32.Nf4 Bxb3 33.axb3 Kf7 34.b4 g5 35.Ne2 Bg7 36.Rd1 Ke7 37.Rd5
Rd8 38.Rxd8 Kxd8 39.Nd4 Kd7 40.Kf2 Be5 41.h3 h5 42.Ke2 g4 43.Kd3 f4 44.exf4 gxh3
45.gxh3 Bxf4 46.c6+ Kc8 47.Ne6 Bg3 48.Kc4 Be1 49.Nd4 b6 50.Ne6 Bd2 51.Ng7 h4
52.Nf5 Be1 53.Kd5 Kc7 54.Ke6 Bf2 55.Ne7 Be1 56.Nd5+ Kc8 57.Kf5 Kd8 58.Kg4 Kc8
59.Ne7+ Kc7 60.Nf5 Bxb4 61.Kxh4 a6 62.bxa6 Be1+ 63.Kg4 Bf2

[Event "2 Bundesliga Mitte 2006/2007"]
[Site "Wolfsberg"]
[Date "2006.11.25"]
[Round "3"]
[Board "5"]
[White "Aschenbrenner, Robert"]
[Black "Stuetz, Leopold"]
[Result "1/2-1/2"]
[WhiteElo "2280"]
[BlackElo "2187"]
[PlyCount "129"]
[EventDate "2006.10.28"]
[EventType "team"]
[EventRounds "11"]
[EventCountry "AUT"]
[WhiteTeam "Austria Graz"]
[BlackTeam "Fuerstenfeld"]

1.d4 Nf6 2.c4 e6 3.Nc3 Bb4 4.f3 d5 5.a3 Bxc3+ 6.bxc3 c5 7.cxd5 exd5 8.e3 Qa5
9.Bd2 c4 10.Qc2 O-O 11.g4 Nc6 12.Bg2 Re8 13.h3 Qc7 14.Ne2 Na5 15.O-O Nb3 16.Rae1
Nxd2 17.Qxd2 Qe7 18.Ng3 Qxa3 19.e4 Rd8 20.e5 Ne8 21.f4 a5 22.f5 Ra6 23.Nh5 f6
24.Nf4 Nc7 25.exf6 Rxf6 26.Re5 b5 27.Nxd5 Nxd5 28.Bxd5+ Kh8 29.g5 Rff8 30.Qe1 b4
31.Qh4 bxc3 32.g6 h6 33.f6 Rd7 34.Re8 Rxd5 35.fxg7+ Kxg7 36.Rexf8 Rg5+ 37.Kh2
Qd6+ 38.Qf4 Qxf4+ 39.R8xf4 Kxg6 40.h4 Rf5 41.Kg3 c2 42.Rc1 Rxf4 43.Kxf4 Bf5
44.Ke5 h5 45.d5 a4 46.d6 a3 47.Rg1+ Bg4 48.d7 c1=Q 49.Rxc1 Bxd7 50.Ra1 c3
51.Rxa3 c2 52.Rc3 Ba4 53.Rc7 Bb3 54.Rc6+ Kf7 55.Rc7+ Kg6 56.Kf4 Ba4 57.Ke5 Bb3
58.Rc6+ Kf7 59.Kf5 Ke7 60.Kg5 Kd7 61.Rc3 Kd6 62.Kxh5 Ke5 63.Kg6 Kd4 64.Rxc2
Bxc2+ 65.Kg7

[Event "2 Bundesliga Mitte 2006/2007"]
[Site "Wolfsberg"]
[Date "2006.11.25"]
[Round "3"]
[Board "6"]
[White "Poetz, Florian"]
[Black "Kastner, Walter"]
[Result "0-1"]
[WhiteElo "2079"]
[BlackElo "2239"]
[PlyCount "56"]
[EventDate "2006.10.28"]
[EventType "team"]
[EventRounds "11"]
[EventCountry "AUT"]
[WhiteTeam "Fuerstenfeld"]
[BlackTeam "Austria Graz"]

1.e4 e5 2.Nf3 Nc6 3.Bc4 Bc5 4.c3 Nf6 5.d3 d6 6.O-O O-O 7.Be3 Bxe3 8.fxe3 a6
9.Bb3 Bg4 10.Nbd2 Qe7 11.Qe1 Be6 12.Bc2 d5 13.d4 dxe4 14.Nxe4 Bc4 15.Nxf6+ Qxf6
16.Rf2 Qe7 17.b3 Be6 18.c4 Bg4 19.Qc3 Bxf3 20.Rxf3 Rae8 21.Raf1 Qb4 22.Qb2 exd4
23.exd4 Re1 24.Kh1 g6 25.a3 Qd2 26.Kg1 Rxf1+ 27.Rxf1 Nxd4 28.Rf2 Qe1+

[Event "2 Bundesliga Mitte 2006/2007"]
[Site "Wolfsberg"]
[Date "2006.11.25"]
[Round "3"]
[Board "1"]
[White "Haba, Petr"]
[Black "Buhmann, Rainer"]
[Result "1-0"]
[WhiteElo "2514"]
[BlackElo "2532"]
[PlyCount "89"]
[EventDate "2006.10.28"]
[EventType "team"]
[EventRounds "11"]
[EventCountry "AUT"]
[WhiteTeam "SC Ansfelden"]
[BlackTeam "Maria Saal"]

1.e4 e6 2.d4 d5 3.e5 c5 4.c3 Nc6 5.Nf3 Qb6 6.a3 Nh6 7.b4 cxd4 8.cxd4 Nf5 9.Bb2
Bd7 10.g4 Nh6 11.h3 f6 12.Nc3 Nf7 13.Na4 Qd8 14.Bd3 fxe5 15.dxe5 Ng5 16.Nd2 Rc8
17.f4 Ne4 18.O-O Qh4 19.Nxe4 dxe4 20.Bxe4 Qxh3 21.Bg2 Qg3 22.Rc1 Ne7 23.Nc5 Bc6
24.Qe2 h5 25.Ne4 Bxe4 26.Rxc8+ Nxc8 27.Qxe4 hxg4 28.Qg6+ Ke7 29.Bd4 Rh2 30.Qe4
Kf7 31.f5 Rh3 32.fxe6+ Kg8 33.Qf4 Qxf4 34.Rxf4 Rxa3 35.Bxb7 Ne7 36.Bc5 a5 37.Rf7
axb4 38.Bxe7 Bxe7 39.Rxe7 Re3 40.Bd5 Rxe5 41.Rd7 Kf8 42.Rf7+ Ke8 43.Bc6+ Kd8
44.Rd7+ Kc8 45.e7

[Event "2 Bundesliga Mitte 2006/2007"]
[Site "Wolfsberg"]
[Date "2006.11.25"]
[Round "3"]
[Board "2"]
[White "Kaspret, Guido"]
[Black "Knoll, Hermann"]
[Result "1-0"]
[WhiteElo "2325"]
[BlackElo "2373"]
[PlyCount "79"]
[EventDate "2006.10.28"]
[EventType "team"]
[EventRounds "11"]
[EventCountry "AUT"]
[WhiteTeam "Maria Saal"]
[BlackTeam "SC Ansfelden"]

1.c4 c6 2.Nf3 d5 3.d4 Nf6 4.cxd5 cxd5 5.Nc3 a6 6.Bf4 Nc6 7.a3 Nh5 8.Bc1 Nf6
9.Bf4 Bf5 10.e3 e6 11.Bd3 Bg4 12.O-O Bd6 13.Bxd6 Qxd6 14.b4 O-O 15.Be2 Rac8
16.Rc1 Bxf3 17.Bxf3 a5 18.b5 Ne7 19.Qb3 b6 20.Rc2 Rc7 21.Rfc1 Rfc8 22.Na4 Rxc2
23.Rxc2 Rxc2 24.Qxc2 Qxa3 25.Nxb6 Qb4 26.Be2 Ne4 27.Bf1 Nc3 28.Qd2 Nf5 29.Nc8 a4
30.b6 a3 31.b7 a2 32.Qxc3 Qxc3 33.b8=Q g6 34.Ne7+ Kg7 35.Qe5+ f6 36.Qxe6 Nxe7
37.Qxe7+ Kh6 38.Qf8+ Kg5 39.h4+ Kf5 40.Qd6

[Event "2 Bundesliga Mitte 2006/2007"]
[Site "Wolfsberg"]
[Date "2006.11.25"]
[Round "3"]
[Board "3"]
[White "Hellmayr, Alois"]
[Black "Reschun, Sascha"]
[Result "1-0"]
[WhiteElo "2315"]
[BlackElo "2234"]
[PlyCount "83"]
[EventDate "2006.10.28"]
[EventType "team"]
[EventRounds "11"]
[EventCountry "AUT"]
[WhiteTeam "SC Ansfelden"]
[BlackTeam "Maria Saal"]

1.d4 d5 2.Nf3 Bf5 3.c3 c6 4.Bf4 e6 5.e3 Nf6 6.Qb3 Qb6 7.h3 h6 8.Nbd2 Ne4 9.Nxe4
Bxe4 10.Nd2 Bh7 11.Be2 Nd7 12.O-O Be7 13.Rfe1 O-O 14.Bf1 f5 15.Bh2 Rae8 16.c4
Rf7 17.c5 Qxb3 18.axb3 a6 19.b4 Bf6 20.Nb3 e5 21.dxe5 Bxe5 22.Bxe5 Rxe5 23.f4
Re8 24.Nd4 Nb8 25.Bd3 g5 26.Kf2 Kg7 27.g3 Kf6 28.Re2 Ref8 29.Kg2 Rg7 30.fxg5+
Rxg5 31.Rf1 Rfg8 32.g4 h5 33.Bxf5 Bxf5 34.Nxf5 Ke5 35.Nh6 hxg4 36.Nf7+ Ke4
37.Nxg5+ Rxg5 38.h4 Rg7 39.Ref2 b6 40.Rf7 Rxf7 41.Rxf7 bxc5 42.h5

[Event "2 Bundesliga Mitte 2006/2007"]
[Site "Wolfsberg"]
[Date "2006.11.25"]
[Round "3"]
[Board "4"]
[White "Ertl, Johann"]
[Black "Rumpl, Erwin"]
[Result "0-1"]
[WhiteElo "2217"]
[BlackElo "2288"]
[PlyCount "66"]
[EventDate "2006.10.28"]
[EventType "team"]
[EventRounds "11"]
[EventCountry "AUT"]
[WhiteTeam "Maria Saal"]
[BlackTeam "SC Ansfelden"]

1.e4 g6 2.d4 Bg7 3.Nc3 d6 4.Be3 c6 5.Qd2 b5 6.f3 Nd7 7.h4 h5 8.Nh3 Nb6 9.Nf2 d5
10.e5 Nh6 11.Bxh6 Bxh6 12.f4 Bf5 13.g3 e6 14.Ncd1 Bf8 15.Ne3 Be7 16.Bd3 Nc4
17.Nxc4 bxc4 18.Bxf5 gxf5 19.Nh3 c5 20.dxc5 Bxc5 21.c3 Rb8 22.Rh2 d4 23.Qd1 Qa5
24.Qf3 Ke7 25.Ng5 d3 26.Rd2 Bb6 27.Qc6 Qd5 28.Qxd5 exd5 29.Rb1 Be3 30.Rg2 d4
31.cxd4 c3 32.Ra1 cxb2 33.Rb1 Rhc8

[Event "2 Bundesliga Mitte 2006/2007"]
[Site "Wolfsberg"]
[Date "2006.11.25"]
[Round "3"]
[Board "5"]
[White "Mittermayr, Gerhard"]
[Black "Eichert, Wolfgang"]
[Result "0-1"]
[WhiteElo "2178"]
[BlackElo "2159"]
[PlyCount "108"]
[EventDate "2006.10.28"]
[EventType "team"]
[EventRounds "11"]
[EventCountry "AUT"]
[WhiteTeam "SC Ansfelden"]
[BlackTeam "Maria Saal"]

1.e4 c5 2.Nf3 Nc6 3.d4 cxd4 4.Nxd4 Nf6 5.Nc3 e5 6.Ndb5 d6 7.Bg5 a6 8.Bxf6 gxf6
9.Na3 b5 10.Nd5 Bg7 11.c3 Ne7 12.Nxe7 Qxe7 13.Nc2 Qb7 14.Qxd6 Qxe4+ 15.Ne3 Be6
16.Rd1 Qb7 17.Be2 Rg8 18.Bh5 Qc8 19.Nd5 Bxd5 20.Rxd5 Ra7 21.Rc5 Qd8 22.Qe6+ Re7
23.Qf5 Rc7 24.Qe6+ Kf8 25.Rd5 Qe7 26.Qf5 Bh8 27.O-O Qe6 28.Qd3 Rg5 29.Bf3 Kg7
30.Rd6 Qxa2 31.Rd8 Qc4 32.Qd6 Qc5 33.Qxc5 Rxc5 34.h4 Rf5 35.Ra1 Rf4 36.Rxa6 Ra4
37.Rb6 Rcc4 38.g3 b4 39.Rbb8 bxc3 40.bxc3 Rxc3 41.Bg2 Rc1+ 42.Kh2 Rc2 43.Rxh8
Rxf2 44.Rhg8+ Kh6 45.Rb6 e4 46.Kh3 e3 47.Rb3 Raa2 48.Bd5 Rad2 49.Bxf7 Rh2+
50.Kg4 Rd4+ 51.Kf3 e2 52.Re3 Rd3 53.Rxd3 e1=Q 54.Rd5 Qe2+

[Event "2 Bundesliga Mitte 2006/2007"]
[Site "Wolfsberg"]
[Date "2006.11.25"]
[Round "3"]
[Board "1"]
[White "Sandhoefner, Florian"]
[Black "Stevic, Hrvoje"]
[Result "0-1"]
[WhiteElo "2271"]
[BlackElo "2491"]
[PlyCount "40"]
[EventDate "2006.10.28"]
[EventType "team"]
[EventRounds "11"]
[EventCountry "AUT"]
[WhiteTeam "ASK St Valentin"]
[BlackTeam "ZH Technologies Wolfsberg"]

1.e4 c5 2.Nf3 d6 3.d4 cxd4 4.Nxd4 Nf6 5.Nc3 a6 6.f3 e6 7.Be3 Nc6 8.Qd2 Be7 9.g4
O-O 10.h4 Nxd4 11.Bxd4 b5 12.O-O-O Nd7 13.g5 Qc7 14.h5 b4 15.Nb1 e5 16.Be3 Nc5
17.g6 Be6 18.h6 fxg6 19.hxg7 Rxf3 20.Bxc5 Qxc5

[Event "2 Bundesliga Mitte 2006/2007"]
[Site "Wolfsberg"]
[Date "2006.11.25"]
[Round "3"]
[Board "2"]
[White "Vajda, Albert"]
[Black "Tober, Gerhard"]
[Result "1-0"]
[WhiteElo "2478"]
[BlackElo "2329"]
[PlyCount "91"]
[EventDate "2006.10.28"]
[EventType "team"]
[EventRounds "11"]
[EventCountry "AUT"]
[WhiteTeam "ZH Technologies Wolfsberg"]
[BlackTeam "ASK St Valentin"]

1.e4 c5 2.Nf3 Nc6 3.Bb5 g6 4.c3 Nf6 5.Qa4 Bg7 6.O-O Qc7 7.Re1 O-O 8.e5 Nd5 9.Qc4
e6 10.Bxc6 Qxc6 11.Qh4 b6 12.d3 Bb7 13.Nbd2 f6 14.Nc4 Ne7 15.exf6 Bxf6 16.Qg4
Nf5 17.Nce5 Qc7 18.Nc4 b5 19.Bf4 d6 20.Nxd6 Bxf3 21.gxf3 e5 22.Nxf5 exf4 23.Re6
Kh8 24.Nd6 a6 25.Ne4 Bg7 26.Re1 Rf5 27.Qh4 Qd8 28.Qxd8+ Rxd8 29.Nxc5 Bxc3
30.Re8+ Rxe8 31.Rxe8+ Kg7 32.Ne6+ Kf7 33.Rf8+ Kxe6 34.Rxf5 Kxf5 35.bxc3 Ke5
36.Kf1 Kd5 37.Ke2 Kc5 38.Kd2 b4 39.Kc2 a5 40.Kb3 bxc3 41.Kxc3 Kd5 42.a4 g5 43.h3
Kc5 44.d4+ Kd5 45.Kd3 h6 46.Kc3

[Event "2 Bundesliga Mitte 2006/2007"]
[Site "Wolfsberg"]
[Date "2006.11.25"]
[Round "3"]
[Board "3"]
[White "Heimberger, Reinhard"]
[Black "Schachinger, Mario"]
[Result "0-1"]
[WhiteElo "2294"]
[BlackElo "2277"]
[PlyCount "122"]
[EventDate "2006.10.28"]
[EventType "team"]
[EventRounds "11"]
[EventCountry "AUT"]
[WhiteTeam "ASK St Valentin"]
[BlackTeam "ZH Technologies Wolfsberg"]

1.c4 c6 2.b3 d5 3.Bb2 Nf6 4.Nf3 Bf5 5.g3 e6 6.Bg2 Bd6 7.O-O Nbd7 8.d4 h6 9.Nbd2
O-O 10.e3 Qc7 11.Rc1 Rfe8 12.Qe2 Rad8 13.a3 Qb8 14.b4 Bc7 15.b5 cxb5 16.cxb5 Rc8
17.Nb3 Bd6 18.Nfd2 e5 19.dxe5 Nxe5 20.Bxe5 Bxe5 21.Nf3 Bd6 22.Qb2 Bd3 23.Rxc8
Rxc8 24.Rd1 Bxb5 25.Nbd4 Bd7 26.Nh4 Qc7 27.Ndf5 Bxf5 28.Nxf5 Be5 29.Qb4 a5
30.Qd2 g6 31.Nd4 Ne4 32.Qd3 Nc3 33.Nb5 Qc4 34.Nxc3 Bxc3 35.Bxd5 Qxd3 36.Rxd3 b5
37.Bb3 a4 38.Bd5 Bb2 39.Kf1 Kf8 40.Ke2 Rb8 41.Kd2 Rc8 42.e4 Ke7 43.f4 Rc1 44.e5
Rc7 45.Ba2 g5 46.fxg5 hxg5 47.Rf3 Ke8 48.e6 f6 49.Rf5 Be5 50.h4 gxh4 51.gxh4 Rg7
52.Bd5 Ke7 53.Rf3 Rg2+ 54.Kd3 Rh2 55.Rf1 Rxh4 56.Bc6 b4 57.axb4 a3 58.Rf2 Rd4+
59.Ke3 Rd6 60.Ra2 Rxc6 61.Rxa3 Rc3+